Truyện ngắn Anh

保存先:
書誌詳細
第一著者: Truyện ngắn Anh
フォーマット: 図書
言語:Undetermined
出版事項: Hà Nội Hội Nhà Văn 2001
主題:
タグ: タグ追加
タグなし, このレコードへの初めてのタグを付けませんか!
Thư viện lưu trữ: Trung tâm Học liệu Trường Đại học Cần Thơ
LEADER 00619nam a2200169Ia 4500
001 CTU_40523
008 210402s9999 xx 000 0 und d
082 |a 823 
082 |b Tr527 
100 |a Truyện ngắn Anh 
245 0 |a Truyện ngắn Anh 
245 0 |c Truyện ngắn Anh; Biên tập, hiệu đính: Nguyễn Tuấn Khanh; Dịch giả: Nguyễn Tuấn Anh 
260 |a Hà Nội 
260 |b Hội Nhà Văn 
260 |c 2001 
650 |a english literature - collections,short stories, english ( vietnamese ) 
980 |a Trung tâm Học liệu Trường Đại học Cần Thơ